[Event "Wch U18"]
[Site "Guarapuava"]
[Date "1995.??.??"]
[Round "6"]
[White "Oral, Tomas"]
[Black "Krakops, Maris"]
[Result "0-1"]
[WhiteElo "2410"]
[BlackElo "2525"]

1.e4 c5 2.Nf3 Nc6 3.Bb5 g6 4.Bxc6 dxc6 5.h3 e5 6.d3 f6 7.Be3 Nh6 8.O-O Nf7
9.c3 g5 10.d4 g4 11.Nh4 cxd4 12.cxd4 gxh3 13.g3 exd4 14.Bxd4 Rg8 15.Nc3 Bg4
16.Qa4 Qd6 17.Bxa7 b5 18.Qd4 b4 19.Nd1 c5 20.Qxd6 Bxd6 21.Bb6 Ra6 22.Ne3 Be6
23.f4 Rxg3+ 24.Kf2 Bxf4 25.Bxc5 Ng5 26.Ke2 Bxe3 27.Bxe3 Bc4+ 28.Kf2  0-1

[Event "Wch U16 Girls"]
[Site "Guarapuava"]
[Date "1995.??.??"]
[Round "6"]
[White "Tkeshelashvili, Sofia"]
[Black "Goletiani, Rusudan"]
[Result "0-1"]
[WhiteElo "2155"]
[BlackElo "2165"]

1.e4 c5 2.Nf3 Nc6 3.Bb5 g6 4.O-O Bg7 5.c3 e5 6.d3 Nge7 7.Be3 d6 8.d4 exd4
9.cxd4 O-O 10.Nc3 Qa5 11.Be2 Bg4 12.dxc5 dxc5 13.Nd2 Bxe2 14.Qxe2 Nd4 15.Qd1 Rad8
16.Rc1 b5 17.Kh1 Rfe8 18.Nb3 Nxb3 19.Qxb3 c4 20.Qc2 Nc6 21.Qb1 Ne5 22.f3 Nd3
23.Rc2 Nxb2 24.Qxb2 b4 25.Bxa7 Bxc3 26.Bb6 Qxb6 27.Rxc3 Qc5 28.Rc2 Rd3 29.Qc1 c3
30.Rd1 Red8 31.Rxd3 Rxd3 32.h3  0-1

[Event "Wch U18 Girls"]
[Site "Guarapuava"]
[Date "1995.??.??"]
[Round "7"]
[White "Fierro Baquero, Martha Lorena"]
[Black "Khorava, Miranda"]
[Result "1-0"]
[WhiteElo "2115"]
[BlackElo "2270"]

1.e4 c5 2.Nf3 Nc6 3.Bb5 g6 4.c3 Bg7 5.d4 cxd4 6.cxd4 a6 7.Bxc6 dxc6 8.h3 Nf6
9.Nc3 O-O 10.O-O b5 11.Re1 Bb7 12.e5 Nd7 13.e6 Nb6 14.exf7+ Rxf7 15.Ng5 Bxd4
16.Nxf7 Kxf7 17.Bg5 Bf6 18.Qf3 Qc7 19.Ne4 Nd5 20.Rad1 Rf8 21.Bh6 Re8 22.Ng5+ Kg8
23.Rxd5  1-0

[Event "Wch U18 Girls"]
[Site "Guarapuava"]
[Date "1995.??.??"]
[Round "11"]
[White "Fierro Baquero, Martha Lorena"]
[Black "Apkhaidze, Natia"]
[Result "0-1"]
[WhiteElo "2115"]
[BlackElo "2090"]

1.e4 c5 2.Nf3 Nc6 3.Bb5 g6 4.c3 Nf6 5.e5 Nd5 6.O-O Bg7 7.d4 cxd4 8.cxd4 O-O
9.Nc3 Nxc3 10.bxc3 d6 11.exd6 Qxd6 12.a4 Bf5 13.Re1 Qc7 14.Ba3 Bf6 15.Ra2 Na5
16.Rae2 Be6 17.Bb4 a6 18.Bd3 Rfe8 19.Qc2 Bg4 20.Re3 Nc6 21.Ba3 Rac8 22.Qa2 Qd7
23.h3 Be6 24.Qb1 Bd5 25.Qb6 e6 26.Rb1 Bd8 27.Qb2 Bc7 28.Bc5 e5 29.Nxe5 Nxe5
30.dxe5 Bxe5 31.Qb4 Qc6 32.Bd4 Bxd4 33.Rxe8+ Rxe8 34.Qxd4 Bxg2 35.Qg4 Bf3
36.Qf4 Bd5 37.c4 Qxa4 38.Qg4 Bc6 39.h4 Qa3 40.Qg3 Qc5 41.Rd1 a5 42.Qg4 h5
43.Qg3 Kg7 44.Qg5 Qxg5+ 45.hxg5 a4 46.Ra1 Re5 47.f4 Re3 48.Bc2 a3 49.Ra2 h4
50.Kh2 Re1 51.Kh3 Rh1+ 52.Kg4 h3 53.Kg3 h2 54.Kh3 Rf1 55.Kxh2 Rxf4 56.Bb3 Rg4
57.Rxa3 Rxg5 58.Ra2 f5 59.Re2 Rg4 60.c5 Kf6 61.Re6+ Kg5 62.Rd6 Kh4 63.Bf7 Rg2+
64.Kh1 Rc2+ 65.Kg1 g5  0-1

[Event "Gyongyos op "]
[Site "Gyongyos"]
[Date "1995.??.??"]
[Round "?"]
[White "Petrienko, Vladimir"]
[Black "Eberth, Zoltan"]
[Result "1-0"]
[WhiteElo "2460"]
[BlackElo "2230"]

1.e4 c5 2.Nf3 Nc6 3.Bb5 g6 4.O-O Bg7 5.Re1 Nf6 6.c3 O-O 7.d4 cxd4 8.cxd4 d5
9.e5 Ne4 10.Nc3 Bf5 11.Bxc6 bxc6 12.Na4 f6 13.Be3 Rb8 14.exf6 exf6 15.Rc1 Qa5
16.b3 Rb4 17.Nd2 Qa6 18.Nxe4 Bxe4 19.Qd2 Qb5 20.Nc5 f5 21.a3 Rxb3 22.Nxb3 Qxb3
23.f3 f4 24.Bxf4 Bf5 25.Be5 Qxa3 26.Bxg7 Kxg7 27.Ra1 Qd3 28.Rxa7+ Kf6 29.Qb4  1-0

[Event "Hafnarfjordur op"]
[Site "Hafnarfjordur"]
[Date "1995.??.??"]
[Round "6"]
[White "Leosson, Torfi"]
[Black "Gullaksen, Eirik T"]
[Result "1-0"]
[WhiteElo "2160"]
[BlackElo "2365"]

1.e4 c5 2.Nf3 Nc6 3.Bb5 g6 4.O-O Bg7 5.Re1 Nf6 6.e5 Nd5 7.b3 O-O 8.Bb2 Nc7
9.Bxc6 dxc6 10.d3 Ne6 11.Nbd2 Nd4 12.c3 Ne6 13.Ne4 b6 14.Qd2 Qd7 15.Rad1 Rd8
16.Qe3 Bb7 17.Ng3 Qc7 18.Ng5 Nxg5 19.Qxg5 Bc8 20.c4 Be6 21.f4 h6 22.Qh4 Qd7
23.Re3 Re8 24.Rf1 f5 25.exf6 exf6 26.Bxf6 Bf7 27.Rfe1 Rxe3 28.Rxe3 Re8 29.Ne4 Qe6
30.Bxg7 Kxg7 31.Qf2 Qd7 32.Qb2+ Qd4 33.Qxd4+ cxd4 34.Re1 g5 35.fxg5 hxg5
36.Kf2 Bg6 37.Nxg5 Rxe1 38.Kxe1 Kf6 39.Nf3 Bxd3 40.Nxd4 Be4 41.Kf2 a5 42.Ne2 Ke5
43.Nc3 Bd3 44.Ke3 Bf1 45.g3 Bh3 46.Ne2 b5 47.Nd4 Bd7 48.cxb5 cxb5 49.h4 Be8
50.g4 Bd7 51.Nf3+ Kd5 52.Kf4 b4 53.Ne5 Bb5 54.h5  1-0

[Event "Hajduboszormeny Knockout"]
[Site "Hajduboszormeny"]
[Date "1995.??.??"]
[Round "1"]
[White "Monus, Zoltan"]
[Black "Felegyhazi, Laszlo"]
[Result "1/2-1/2"]
[WhiteElo "2065"]
[BlackElo "2360"]

1.e4 c5 2.Nf3 Nc6 3.Bb5 Na5 4.c3 a6 5.Ba4 e6 6.O-O b5 7.Bc2 Bb7 8.d4 cxd4
9.cxd4 Nf6 10.Qe2 Rc8 11.Bd3 Be7 12.Nc3 d5 13.e5 Nd7 14.Bf4 Nb8 15.g3 Bc6  1/2-1/2

[Event "Hajduboszormeny IM"]
[Site "Hajduboszormeny"]
[Date "1995.??.??"]
[Round "1"]
[White "Kotan, Ladislav"]
[Black "Kakuk, Sandor"]
[Result "1-0"]
[WhiteElo "2380"]
[BlackElo "2240"]

1.e4 c5 2.Nf3 Nc6 3.Bb5 e6 4.c3 a6 5.Ba4 b5 6.Bc2 d5 7.e5 d4 8.Be4 Bb7 9.cxd4 cxd4
10.d3 Nge7 11.Bf4 Ng6 12.Bg3 Qb6 13.O-O Be7 14.Nbd2 O-O 15.h4 Rfd8 16.h5 Nf8
17.h6 Ng6 18.hxg7 Kxg7 19.Re1 Rac8 20.a3 Rd7 21.Nh2 Qd8 22.Qh5 Qg8 23.Ng4 Kh8
24.Nf6 Bxf6 25.exf6 Na5 26.Rac1 Bxe4 27.Nxe4 Nb3 28.Rxc8 Qxc8 29.Qd1 Na5
30.b4 Nb7 31.Qh5 Qg8 32.Rc1 Nf8 33.Rc8 Rd5 34.Be5  1-0

[Event "Hajduboszormeny IM"]
[Site "Hajduboszormeny"]
[Date "1995.??.??"]
[Round "3"]
[White "Emodi, Gyula"]
[Black "Gal, Jozsef"]
[Result "1-0"]
[WhiteElo "2400"]
[BlackElo "2255"]

1.e4 c5 2.Nf3 Nc6 3.Bb5 g6 4.O-O Bg7 5.c3 a6 6.Bxc6 bxc6 7.Re1 Nf6 8.e5 Nd5
9.c4 Nb6 10.d4 cxd4 11.c5 Nd5 12.Qxd4 O-O 13.Qh4 Qa5 14.Bh6 Qxc5 15.Nbd2 f6
16.Rac1 Qb4 17.Nc4 g5 18.Nxg5 Bxh6 19.Qxh6 fxg5 20.Re4 Qc5 21.Rc2 Bb7 22.h4 Rf7
23.hxg5 Raf8 24.g6 Rg7 25.gxh7+ Kh8 26.Ne3 Qa5 27.b4 Qd8 28.Rh4 Nxe3 29.fxe3 e6
30.Rf2 Rxf2 31.Kxf2 Qf8+ 32.Qf6 Qxf6+ 33.exf6 Rf7 34.Rh6 c5 35.bxc5 Be4 36.g4 Bxh7
37.g5 Kg8 38.Kg3 Bd3 39.Kf4 Bc4 40.Ke5 Bxa2 41.g6 d6+ 42.cxd6 Rb7 43.g7 Rb5+
44.Kd4 e5+ 45.Kc3 Kf7 46.d7 Rd5 47.Rh8 Kxf6 48.g8=Q Rc5+ 49.Kb4 Bxg8 50.Kxc5  1-0

[Event "Hajduboszormeny IM"]
[Site "Hajduboszormeny"]
[Date "1995.??.??"]
[Round "5"]
[White "Emodi, Gyula"]
[Black "Emodi, Barnabas"]
[Result "1-0"]
[WhiteElo "2400"]
[BlackElo "2320"]

1.e4 c5 2.Nf3 Nc6 3.Bb5 g6 4.O-O Bg7 5.c3 Nf6 6.e5 Nd5 7.d4 cxd4 8.cxd4 O-O
9.Nc3 Nxc3 10.bxc3 d6 11.exd6 Qxd6 12.a4 Rd8 13.Ba3 Qc7 14.Re1 e6 15.Nd2 a6
16.Bd3 h6 17.Ne4 e5 18.Qf3 f5 19.Bc4+ Kh7 20.Nc5 exd4 21.h4 dxc3 22.h5 Nd4
23.hxg6+ Kxg6 24.Qh3 b6 25.Ne6 Bxe6 26.Bxe6 Re8 27.g4 Qf4 28.gxf5+ Nxf5 29.Bc1 Ne3
30.Rxe3 Qf6 31.Rg3+ Kh7 32.Bf5+ Kh8 33.Be3 Rad8 34.Rg6 Rxe3  1-0

[Event "Wch U20 Girls"]
[Site "Halle"]
[Date "1995.??.??"]
[Round "1"]
[White "Peptan, Corina"]
[Black "Milasiute, Vygante"]
[Result "1-0"]
[WhiteElo "2340"]
[BlackElo "2070"]

1.e4 c5 2.Nf3 Nc6 3.Bb5 e6 4.b3 Nf6 5.e5 Nd5 6.O-O Qc7 7.Bb2 Be7 8.Re1 a6
9.Bf1 Nf4 10.Nc3 b6 11.d4 cxd4 12.Nxd4 Bb7 13.Nxc6 Qxc6 14.Ne4 Rd8 15.Qd2 Ng6
16.Rad1 O-O 17.c4 Nh4 18.Qf4 Ng6 19.Qg3 Qc7 20.Nd6 Bh4 21.Qe3 Bc6 22.g3 Be7
23.h4 f6 24.Bg2 Bxg2 25.Kxg2 Qc6+ 26.Qe4 Nxe5 27.Bxe5 fxe5 28.Qxc6 dxc6 29.Nb7 Rb8
30.Rd7 Bf6 31.c5 bxc5 32.Nxc5 Rfe8 33.Nxa6 Rbd8 34.Rc7 Rd2 35.a4 Rb2 36.Nc5 e4
37.Rxe4 Bd8 38.Rxc6 Rf8 39.Nd3 Rxb3 40.Nf4 Rb2 41.Rcxe6 Bb6 42.Re2 Rb3 43.Nd5 Bc5
44.Rc6 Bd4 45.Rc4 Ba7 46.Rc7 Bd4 47.a5 Ra3 48.Ne7+ Kh8 49.Nc6 Bc5 50.Rc2 Bd6
51.Rd7  1-0

[Event "Wch U20"]
[Site "Halle"]
[Date "1995.??.??"]
[Round "2"]
[White "Kurniawan, Bobby"]
[Black "Pelletier, Yannick"]
[Result "1-0"]
[WhiteElo "2330"]
[BlackElo "2460"]

1.e4 c5 2.Nf3 Nc6 3.Bb5 g6 4.O-O Bg7 5.c3 Nf6 6.Re1 O-O 7.d4 d5 8.exd5 Nxd5
9.dxc5 Qa5 10.Qxd5 Qxb5 11.Na3 Qa5 12.Nc4 Qc7 13.Qg5 Be6 14.Bf4 Qc8 15.Ncd2 f6
16.Qg3 Bd5 17.Bc7 Qd7 18.Rad1 Rac8 19.Nb3 Qf5 20.Nbd4 Nxd4 21.Nxd4 Qh5 22.Ne2 Bc4
23.Nc1 Qxc5 24.Rd7 Rfe8 25.Bf4 e5 26.Be3 Qb5 27.Rd2 f5 28.f4 Bh6 29.Red1 exf4
30.Bxf4 Qb6+ 31.Kh1 Bxf4 32.Qxf4 Re4 33.Qd6 Qe3 34.h3 Rce8 35.b3 Bf7 36.c4 f4
37.Re2 Qc3 38.Rxe4 Rxe4 39.Nd3 Rd4 40.Qb8+ Kg7 41.Qe5+ Kg8 42.Ne1  1-0

[Event "Wch U20"]
[Site "Halle"]
[Date "1995.??.??"]
[Round "2"]
[White "Slobodjan, Roman"]
[Black "Manik, Mikulas"]
[Result "1-0"]
[WhiteElo "2500"]
[BlackElo "2380"]

1.e4 c5 2.Nf3 Nc6 3.Bb5 g6 4.O-O Bg7 5.Bxc6 dxc6 6.d3 e5 7.Be3 b6 8.h3 Ne7
9.Qd2 h6 10.Nc3 f5 11.exf5 gxf5 12.Qe2 O-O 13.Nh2 f4 14.Bd2 Nf5 15.Nf3 Nd4
16.Qd1 Bf5 17.Re1 Qc7 18.Ne4 Rad8 19.b3 Rfe8 20.Kh2 Re6 21.Rc1 Qe7 22.Nxd4 cxd4
23.g3 fxg3+ 24.fxg3 Rf8 25.Qe2 Qa3 26.Rf1 Qxa2 27.Bb4 c5 28.Ra1 Qxa1 29.Rxa1 cxb4
30.Rxa7 Rc6 31.Kg2 Rfc8 32.Ra2 R8c7 33.Qd2 Bf8 34.Qf2 Rf7 35.Qe2 Kg7 36.Qh5 Be7
37.h4 Bd8 38.Qe2 Rg6 39.h5 Rc6 40.Nf2 Rc5 41.Ra8 Bc7 42.Ne4 Ra5 43.Rxa5 bxa5
44.Nd2 Be6 45.Qe4 Bf5 46.Qc6 Re7 47.Ne4 Be6 48.g4  1-0

[Event "Wch U20 Girls"]
[Site "Halle"]
[Date "1995.??.??"]
[Round "3"]
[White "Skripchenko, Almira"]
[Black "Milasiute, Vygante"]
[Result "1-0"]
[WhiteElo "2400"]
[BlackElo "2070"]

1.e4 c5 2.Nf3 Nc6 3.Bb5 e6 4.Bxc6 bxc6 5.d3 d5 6.Nbd2 Nf6 7.Qe2 Be7 8.c4 O-O
9.b3 Qc7 10.O-O Nh5 11.e5 f5 12.g3 g6 13.Nb1 f4 14.g4 Ng7 15.Nc3 Qd8 16.Ba3 h5
17.h3 hxg4 18.hxg4 Kf7 19.Kg2 Bd7 20.Na4 Rh8 21.Bxc5 Qf8 22.d4 Bxc5 23.Nxc5 Rd8
24.Qd2 g5 25.Nxg5+ Ke7 26.Rh1 Nf5 27.Qxf4 Nh4+ 28.Kg3 Qxf4+ 29.Kxf4 Rdf8+
30.Kg3  1-0

[Event "Wch U20"]
[Site "Halle"]
[Date "1995.??.??"]
[Round "4"]
[White "Solak, Dragan"]
[Black "Georgiev, Vladimir"]
[Result "0-1"]
[WhiteElo "2240"]
[BlackElo "2440"]

1.e4 c5 2.Nf3 Nc6 3.Bb5 g6 4.Bxc6 dxc6 5.h3 e5 6.d3 f6 7.Be3 Nh6 8.Nc3 Nf7
9.O-O Be6 10.Nd2 g5 11.Ne2 h5 12.Nb3 b6 13.c3 c4 14.dxc4 Qxd1 15.Rfxd1 Bxc4
16.Nbc1 Nd6 17.f3 g4 18.b3 gxf3 19.gxf3 Be6 20.Kh2 O-O-O 21.Nd3 Bg7 22.Nb4 Kb7
23.Rd2 Nf7 24.Rad1 Rxd2 25.Rxd2 h4 26.Nd3 f5 27.exf5 Bxf5 28.Nf2 Bh6 29.Bxh6 Rxh6
30.c4 Ng5 31.Ng1 Kc7 32.Re2 Re6 33.Nd1 Rd6 34.Ne3 Bd3 35.Rg2 Ne6 36.Rd2 Nf4
37.Ng2 Nxg2 38.Rxg2 Bf1 39.Rf2 Rd1 40.Rb2 Re1 41.Rd2 a5 42.a4 Rb1 43.Rf2 Bd3
44.f4 e4 45.f5 e3 46.Rf4 Rb2+ 47.Kh1 Rf2 48.Rxh4 Bxf5  0-1

[Event "Wch U20 Girls"]
[Site "Halle"]
[Date "1995.??.??"]
[Round "7"]
[White "Khurtsilava, Inga"]
[Black "Abdullaeva, U."]
[Result "1-0"]
[WhiteElo "2250"]
[BlackElo "2085"]

1.e4 c5 2.Nf3 Nc6 3.Bb5 g6 4.O-O Nf6 5.Re1 Bg7 6.Nc3 O-O 7.a4 a6 8.Bxc6 bxc6
9.d3 d6 10.h3 e5 11.b3 Ne8 12.Ne2 a5 13.Ng3 Nc7 14.Bg5 f6 15.Bd2 Ne6 16.Qc1 d5
17.Nh2 Qc7 18.Nf3 Ba6 19.c4 dxc4 20.dxc4 Nd4 21.Qc3 Bc8 22.Rab1 Be6 23.Qd3 Rfd8
24.Nxd4 cxd4 25.Rf1 Bf7 26.f4 Qe7 27.f5 g5 28.Rf3 Rdb8 29.Rbf1 h6 30.Ne2 Qc5
31.g4 Bf8 32.Kg2 Bd6 33.h4 Kg7 34.Rh1 Rh8 35.Rfh3 Qb6 36.hxg5 hxg5 37.Bxg5 Be7
38.Bh6+ Kg8 39.g5 fxg5 40.Bxg5 Rxh3 41.Qxh3 Kf8 42.Qh8+  1-0

[Event "Wch U20 Girls"]
[Site "Halle"]
[Date "1995.??.??"]
[Round "7"]
[White "Milasiute, Vygante"]
[Black "Apkhaidze, Natia"]
[Result "1-0"]
[WhiteElo "2070"]
[BlackElo "2090"]

1.e4 c5 2.Nf3 Nc6 3.Bb5 g6 4.Bxc6 bxc6 5.O-O Bg7 6.Re1 Nf6 7.Nc3 O-O 8.d3 d6
9.h3 Rb8 10.Rb1 Nd7 11.Bd2 e5 12.Qc1 f5 13.exf5 gxf5 14.Ng5 Qf6 15.f4 Ba6
16.Nf3 Rbe8 17.fxe5 dxe5 18.Qd1 Qg6 19.Nh4 Qd6 20.Be3 c4 21.dxc4 Qe6 22.Nf3 Bxc4
23.Qd2 Rd8 24.Rbd1 h6 25.Qd6 Qf7 26.Bxh6 Nf6 27.Qxd8 Rxd8 28.Rxd8+ Ne8 29.Bxg7 Kxg7
30.Nxe5 Qe6 31.Nf3 Qf6 32.Rdxe8 Bf7 33.R8e7 Kf8 34.R7e2 Bh5 35.Re3 a5 36.a3 Kg8
37.Kh1 Kf8 38.Kg1 Kg8 39.Re6 Qg7 40.Re7 Qg3 41.Nd4 Qd6 42.Nb3 Bf7 43.Kh1 f4
44.R7e4 f3 45.gxf3 Kf8 46.Rd1 Qf6 47.Kg2 Bg6 48.Rf1 Bf5 49.Rg4 Bxc2 50.Nc5 Qh6
51.N3e4 Qe3 52.Rf2 Bb1 53.Rd2 Ba2 54.Nd7+ Ke7 55.Rg7+ Bf7 56.Ne5  1-0

[Event "Wch U20"]
[Site "Halle"]
[Date "1995.??.??"]
[Round "11"]
[White "Campos, Eugenio"]
[Black "Shaked, Tal"]
[Result "0-1"]
[WhiteElo "2245"]
[BlackElo "2430"]

1.e4 c5 2.Nf3 Nc6 3.Bb5 g6 4.O-O Bg7 5.Bxc6 bxc6 6.d3 d6 7.h3 e5 8.Nc3 Ne7
9.Nh2 Rb8 10.Rb1 O-O 11.Be3 f5 12.f4 exf4 13.Bxf4 h6 14.Bd2 d5 15.Qe2 Kh7
16.Bf4 Rb6 17.e5 Ra6 18.b3 g5 19.Bg3 Ra3 20.h4 g4 21.Na4 Rxa2 22.Nxc5 d4
23.Ra1 Rxa1 24.Rxa1 Qb6 25.Na4 Qc5 26.Rf1 Nd5 27.Qd2 Ne3 28.Rc1 f4 29.Be1 Bxe5
30.Qa5 Qxa5 31.Bxa5 f3 32.gxf3 gxf3 33.Nf1 f2+  0-1

[Event "Wch U20 Girls"]
[Site "Halle"]
[Date "1995.??.??"]
[Round "11"]
[White "Skripchenko, Almira"]
[Black "Khurtsilava, Inga"]
[Result "1-0"]
[WhiteElo "2400"]
[BlackElo "2250"]

1.e4 c5 2.Nf3 Nc6 3.Bb5 g6 4.Bxc6 dxc6 5.h3 Bg7 6.d3 h6 7.Nc3 Be6 8.Be3 Bd4
9.Qd2 Qd7 10.Bxd4 cxd4 11.Ne2 c5 12.b4 b6 13.bxc5 bxc5 14.c3 dxc3 15.Qxc3 Nf6
16.Qxc5 O-O 17.Qe3 Kh7 18.d4 Qa4 19.O-O Rfc8 20.d5 Bd7 21.Ng3 Rc2 22.a3 Rac8
23.Rfd1 Qa5 24.Ne5 Be8 25.Rd3 R8c3 26.Rxc3 Rxc3 27.Qe1 Qc7 28.Nc6 Rb3 29.a4 h5
30.Qd1 Rb2 31.Qd4 Qb6 32.Qxb6 axb6 33.Nxe7 h4 34.Nf1 Nxe4 35.Nc8 Bd7 36.Rc1 Bxa4
37.Rc4 Bd7 38.Rxe4 Bxc8 39.Rxh4+ Kg7 40.Ne3 Rd2 41.Rb4 f5 42.h4 Rd3 43.Rc4 f4
44.Rxf4 b5 45.Rb4 Bd7 46.Kh2 Kf6 47.g4 Ra3 48.Kg3 Ra4 49.Rxa4 bxa4 50.Nc4 Bb5
51.Na3 Bf1 52.Kf4 Bg2 53.f3 Bh1 54.Kg3  1-0

[Event "Wichern op"]
[Site "Hamburg"]
[Date "1995.??.??"]
[Round "1"]
[White "Glek, Igor V"]
[Black "Hermesmann, Hans"]
[Result "1-0"]
[WhiteElo "2580"]
[BlackElo "2275"]

1.e4 c5 2.Nf3 Nc6 3.Bb5 d6 4.O-O Bd7 5.Re1 a6 6.Bf1 e5 7.c3 g5 8.d4 g4 9.d5 gxf3
10.dxc6 Bxc6 11.Qxf3 Qf6 12.Qxf6 Nxf6 13.f3 Rg8 14.Na3 O-O-O 15.Nc4 Nh5 16.Ne3 Nf4
17.Kf2 h5 18.g3 Ne6 19.Nf5 Kc7 20.a4 f6 21.b4 Bd7 22.b5 Ng5 23.Ne3 Be6 24.bxa6 bxa6
25.Bxa6 Nh3+ 26.Kg2 Rb8 27.Bb5 Bh6 28.Nd5+ Bxd5 29.Bxh6 Be6 30.c4 Ng5 31.h4 Rg6
32.hxg5 fxg5 33.Bxg5 Rxg5 34.Kf2 Rbg8 35.Rg1 R5g7 36.a5 Rf7 37.Ra3 Rgf8 38.Ke2 Bg4
39.fxg4 Rf2+ 40.Kd1 Rb2 41.Kc1 Rff2 42.Ba4  1-0

[Event "Wichern op"]
[Site "Hamburg"]
[Date "1995.??.??"]
[Round "3"]
[White "Jansa, Vlastimil"]
[Black "Reddmann, Hauke"]
[Result "1/2-1/2"]
[WhiteElo "2495"]
[BlackElo "2285"]

1.e4 c5 2.Nf3 Nc6 3.Bb5 g6 4.Bxc6 dxc6 5.d3 Bg7 6.h3 Nf6 7.Nc3 O-O 8.Be3 b6
9.Qd2 Ne8 10.Bh6 f6 11.O-O-O e5 12.Nh2 Qe7 13.Ng4 Bxg4 14.hxg4 Bxh6 15.Rxh6 Nc7
16.Rdh1 Rf7 17.g3 Rd8 18.f4 Rg7 19.Qh2 Rd7 20.Nb1 c4 21.dxc4 exf4 22.gxf4 Qxe4
23.Nd2 Qe3 24.Rh3 Qe6 25.Qg1 Qd6 26.Qf2 Qd4 27.Rf3 Qxf2 28.Rxf2 Rge7 29.b3 Re3
30.f5 Ne8 31.fxg6 hxg6 32.Rfh2 Ng7 33.Rh8+ Kf7 34.Rc8 c5 35.Nb1 Rg3 36.Rhh8 g5
37.Rh6 Rxg4 38.Rc6 Rg1+ 39.Kb2 Rf1 40.Nc3 Ne6 41.Rh7+ Ng7 42.Rh6 Ne6 43.Rh7+ Ng7
44.Rh6  1/2-1/2

[Event "Wichern op"]
[Site "Hamburg"]
[Date "1995.??.??"]
[Round "3"]
[White "Koop, Thilo"]
[Black "Mednis, Edmar John"]
[Result "1/2-1/2"]
[WhiteElo "2135"]
[BlackElo "2420"]

1.e4 c5 2.Nf3 Nc6 3.Bb5 g6 4.O-O Bg7 5.Re1 e5 6.c3 Nge7 7.Na3 O-O 8.Nc2 d5
9.exd5 Qxd5 10.d3 a6 11.Bc4 Qd6 12.a4 Rb8 13.Ng5 Na5 14.Ne4 Qc7 15.Ba2 Bf5
16.b4 cxb4 17.cxb4 Rbc8 18.bxa5 Qxc2 19.Nd6 Qxd1 20.Rxd1 Rc7 21.Ba3 Be6 22.Bxe6 fxe6
23.Rac1 Rxc1 24.Rxc1 Rb8 25.Rc7 Nd5 26.Rxb7 Rxb7 27.Nxb7 Bf8 28.Bc5 Bxc5
29.Nxc5 Nb4 30.Kf1 Kf7 31.Ke2 Ke7 32.Kd2 Kd6 33.Ne4+ Kd5  1/2-1/2

[Event "Wichern op"]
[Site "Hamburg"]
[Date "1995.??.??"]
[Round "6"]
[White "Meier, Volker"]
[Black "Tischbierek, Raj"]
[Result "1/2-1/2"]
[WhiteElo "2320"]
[BlackElo "2495"]

1.e4 c5 2.Nf3 Nc6 3.Bb5 g6 4.O-O Bg7 5.c3 Nf6 6.Re1 O-O 7.d4 d5 8.e5 Ne4
9.h3 Qb6 10.a4 Bf5 11.dxc5 Qc7 12.Bxc6 bxc6 13.Qd4 f6 14.Bf4 fxe5 15.Bxe5 Bxe5
16.Nxe5 Nxf2 17.Qxf2 Bxb1 18.Qd4 Bf5 19.b4 Rab8 20.Rf1 Rf6 21.Rae1 a6 22.Ng4 Bxg4
23.Rxf6 exf6 24.hxg4 Kf7 25.g5 fxg5 26.Rf1+ Kg8 27.Qf6 Qd7 28.Qxg5 d4 29.Qf4 Rd8  1/2-1/2

[Event "Hania op"]
[Site "Hania"]
[Date "1995.??.??"]
[Round "9"]
[White "Zahariev, Zahari"]
[Black "Grivas, Efstratios"]
[Result "1/2-1/2"]
[WhiteElo "2380"]
[BlackElo "2495"]

1.e4 c5 2.Nf3 Nc6 3.Bb5 d6 4.d4 cxd4 5.Qxd4 Bd7 6.Bxc6 bxc6 7.c4 e5 8.Qd3 Qb8
9.O-O h6 10.Nc3 Nf6 11.b3 Be7 12.Nh4 O-O 13.Nf5 Bxf5  1/2-1/2

[Event "Harkany op "]
[Site "Harkany"]
[Date "1995.??.??"]
[Round "?"]
[White "Percze, Janos"]
[Black "Amrein, Roland"]
[Result "0-1"]
[WhiteElo "2245"]
[BlackElo "2185"]

1.Nf3 c5 2.e4 Nc6 3.Bb5 Nf6 4.Nc3 a6 5.Bxc6 dxc6 6.h3 Qc7 7.O-O e5 8.d3 Be7
9.b3 O-O 10.Ne2 Nh5 11.Bb2 Bd6 12.Qd2 f6 13.Kh2 Re8 14.g4 Nf4 15.Rg1 h5 16.Nxf4 exf4
17.Rg2 hxg4 18.hxg4 Kf7 19.Kg1 Rh8 20.Kf1 Bd7 21.Ke2 Rae8 22.Rag1 Rh3 23.g5 f5
24.Qc3 Bf8 25.g6+ Ke7 26.Ng5 f3+ 27.Nxf3 fxe4 28.Qe5+ Kd8 29.Qxc7+ Kxc7 30.Be5+ Bd6
31.Bxd6+ Kxd6 32.Ng5 exd3+ 33.Kd1 dxc2+ 34.Kxc2 Bf5+ 35.Kb2 Re2+ 36.Ka3 b5
37.Ra1 Rd3 38.Nf7+ Kc7 39.Rg3 Rdd2 40.b4 Be6  0-1

[Event "Harkany op "]
[Site "Harkany"]
[Date "1995.??.??"]
[Round "?"]
[White "Horvath, Adam"]
[Black "Horvath, Peter"]
[Result "1/2-1/2"]
[WhiteElo "2235"]
[BlackElo "2375"]

1.e4 c5 2.Nf3 Nc6 3.Bb5 a6 4.Bxc6 dxc6 5.O-O Bg4 6.d3 Qc7 7.Be3 e5 8.Nbd2 f6
9.a4 a5 10.h3 Bh5 11.Re1 Bd6 12.Nf1 Ne7 13.Ng3 Bf7 14.Nh4 Be6 15.Nhf5 Bxf5
16.Nxf5 Nxf5 17.exf5 O-O-O 18.Qg4 Kb8 19.Qc4 b6 20.Ra3 Ka7 21.Raa1 Qd7 22.Rad1 g6
23.fxg6 hxg6 24.c3 g5 25.d4 exd4 26.cxd4 Rh4 27.g3 Qxh3 28.gxh4 Bh2+ 29.Kh1 Bg3+  1/2-1/2

[Event "Helsinki MatSK op"]
[Site "Helsinki"]
[Date "1995.??.??"]
[Round "?"]
[White "Haapasalo, Jukka Pekka"]
[Black "Keskisarja, Teemu"]
[Result "0-1"]
[WhiteElo "2240"]
[BlackElo "2260"]

1.e4 c5 2.Nf3 Nc6 3.Bb5 e6 4.O-O Nge7 5.Re1 a6 6.Bxc6 Nxc6 7.d4 cxd4 8.Nxd4 Qc7
9.Nc3 Bd6 10.g3 Be5 11.Be3 O-O 12.f4 Bxd4 13.Bxd4 b5 14.Bc5 Rd8 15.Qd6 Qxd6
16.Bxd6 Bb7 17.Rad1 Rac8 18.Rd3 f6 19.b4 Nb8 20.Bc5 Kf7 21.Kf2 h6 22.Red1 Bc6
23.Ke3 g5 24.Ne2 Rg8 25.Nd4 gxf4+ 26.gxf4 Rg2 27.R1d2 Rcg8 28.Bd6 Rxd2 29.Rxd2 Bb7
30.Bxb8 Rxb8 31.Nb3 Rd8 32.Nc5 Bc8 33.Rd6 Ke7 34.e5 Rg8 35.Nxa6 Rg2 36.c3 Rxa2
37.Nc7 Rxh2 38.Nxb5 fxe5 39.fxe5 Bb7 40.Rd2 Rh3+ 41.Kf4 Bc6 42.Nd6 Rxc3 43.b5 Bd5
44.Kg4 Kd8 45.b6 Bf3+ 46.Kf4 Rb3 47.Rf2 Rxb6 48.Rxf3 Rb4+ 49.Kg3 Kc7 50.Rc3+ Kb6
51.Rc4  0-1

[Event "Hlohovec op"]
[Site "Hlohovec"]
[Date "1995.??.??"]
[Round "?"]
[White "Huba, Martin"]
[Black "Mrva, Martin"]
[Result "0-1"]
[WhiteElo "2130"]
[BlackElo "2400"]

1.e4 c5 2.Nf3 Nc6 3.Bb5 Nf6 4.e5 Nd5 5.Nc3 Nc7 6.Bxc6 dxc6 7.d3 g6 8.Be3 b6
9.Qd2 Bg4 10.Ng5 h6 11.Nge4 Bg7 12.h3 Be6 13.f4 f6 14.O-O-O fxe5 15.fxe5 Nd5
16.Rhe1 Qc7 17.d4 Nxe3 18.Qxe3 cxd4 19.Qxd4 Rd8 20.Qf2 Rxd1+ 21.Rxd1 Qxe5
22.Re1 Bf7 23.Qd2 O-O 24.Nf2 Qd6 25.Nd3 Bc4 26.a3 Bxd3 27.cxd3 Kh7 28.Kc2 Bd4
29.Re2 e5 30.Ne4 Qe6 31.Qb4 c5 32.Qa4 Rf7 33.Qb3 Qd7 34.a4 Kg7 35.Qc4 Rf1
36.Kb3 Ra1 37.Rd2 Kf8 38.Re2 Ke7 39.Nc3 Qe6 40.Nb5 a6 41.Nc7 Qxc4+ 42.dxc4 Kd6
43.Ne8+ Kc6 44.Nf6 h5 45.Nd5 b5 46.axb5+ axb5 47.Ne7+ Kd6 48.Nxg6 bxc4+ 49.Kxc4 Ra4+
50.Kb3 Rb4+ 51.Ka3 Rb7 52.Nh4 Kd5 53.Nf5 e4 54.g4 hxg4 55.hxg4 Rb6 56.g5 Kc4
57.Ka2 Kd3 58.Rg2 e3 59.Ng3 Be5 60.b4 Ra6+ 61.Kb3 c4+  0-1

[Event "Hofheim MT"]
[Site "Hofheim"]
[Date "1995.??.??"]
[Round "4"]
[White "Buchal, Stephan"]
[Black "Kopp, Peter"]
[Result "0-1"]
[WhiteElo "2355"]
[BlackElo "2135"]

1.e4 c5 2.Nf3 Nc6 3.Bb5 g6 4.Bxc6 dxc6 5.h3 Nf6 6.d3 Bg7 7.Nc3 O-O 8.Be3 b6
9.Qd2 Ne8 10.Bh6 f6 11.e5 Nc7 12.O-O Rf7 13.Rfe1 Qf8 14.Bxg7 Rxg7 15.a4 g5
16.exf6 exf6 17.a5 g4 18.hxg4 Bxg4 19.Nh2 Bh3 20.g3 Re8 21.Rxe8 Qxe8 22.axb6 axb6
23.Ne4 Qg6 24.Qf4 f5 25.Nd2 Qg5 26.Qxg5 Rxg5 27.Nhf3 Rg7 28.Nc4 f4 29.Kh2 Bg4
30.Nfe5 fxg3+ 31.fxg3 b5 32.Na5 Be6 33.Naxc6 Rg5 34.Ra7 Nd5 35.Nf3 Rf5 36.Kg2 Ne3+
37.Kf2 Ng4+ 38.Ke2 Rf6 39.Nce5 Bd5 40.Rd7 Bxf3+ 41.Nxf3 Rxf3 42.Kxf3 Ne5+
43.Ke4 Nxd7 44.Kd5 Kf7 45.Kc6 Ke6 46.Kxb5 Kd5 47.b4 h5 48.c3 cxb4 49.cxb4 Ne5
50.Ka6 Nxd3 51.b5 Kc5 52.Ka5 Ne5 53.Ka4 Nc4  0-1

[Event "EU-ch U20"]
[Site "Holon"]
[Date "1995.??.??"]
[Round "7"]
[White "Bakhtadze, Giorgi"]
[Black "Liiva, Riho"]
[Result "0-1"]
[WhiteElo "2275"]
[BlackElo "2410"]

1.e4 c5 2.Nf3 Nc6 3.Bb5 e6 4.O-O Nge7 5.Nc3 a6 6.Bxc6 Nxc6 7.d4 cxd4 8.Nxd4 d6
9.Re1 Be7 10.Nxc6 bxc6 11.Qg4 g6 12.Bh6 e5 13.Qg3 g5 14.Rad1 Rg8 15.h4 f6
16.hxg5 fxg5 17.Qh2 Qd7 18.Qh5+ Kd8 19.Na4 Qg4 20.Qh2 Qf4 21.g3 Qf6 22.Nb6 Rb8
23.Nc4 Rg6 24.Bxg5 Qxg5 25.Qxh7 Kc7 26.Ne3 Rg7 27.Qh1 Rxb2 28.Qf3 Rh7 29.Nd5+ cxd5
30.Qc3+ Kd8 31.Qxb2 Qh5 32.Qb6+ Ke8 33.Kf1 Qf3 34.Qc6+ Bd7 35.Qa8+ Bd8  0-1

[Event "EU-ch U20"]
[Site "Holon"]
[Date "1995.??.??"]
[Round "9"]
[White "Sutovskij, Emil"]
[Black "Ovsejevitsch, Sergei"]
[Result "1/2-1/2"]
[WhiteElo "2545"]
[BlackElo "2405"]

1.e4 c5 2.Nf3 Nc6 3.Bb5 d6 4.O-O Bd7 5.c3 a6 6.Ba4 Nf6 7.Re1 c4 8.Bc2 e5
9.Qe2 b5 10.a4 Be7 11.axb5 axb5 12.Rxa8 Qxa8 13.Na3 Qb8 14.d3 cxd3 15.Qxd3 b4
16.Nc4 O-O 17.Bg5 Be6 18.Ne3 bxc3 19.bxc3 g6 20.Bh6 Rd8 21.Rb1 Qa8 22.Ng5 Rb8
23.Rd1 Nd8 24.h3 Bb3 25.Bxb3 Rxb3 26.Qc4 Ra3 27.Rb1 Ra1 28.Rxa1 Qxa1+ 29.Kh2 Qa8
30.Nd5 Nxd5 31.exd5 Qa7 32.Qb5 Bf8 33.Qe8 Qe7 34.Qxf8+ Qxf8 35.Bxf8 Kxf8
36.Nxh7+ Ke7 37.Ng5 Nb7 38.Ne4 f5 39.Nd2 Nc5 40.Kg3 Kf6 41.f3 Nd3 42.h4 g5
43.hxg5+ Kxg5 44.c4 Kh5 45.Kh3 Nf2+ 46.Kh2 e4 47.fxe4 fxe4 48.c5 e3 49.Nf3 dxc5
50.d6 Ng4+ 51.Kg1 e2 52.d7 Ne5 53.g4+ Kh6 54.d8=Q Nxf3+ 55.Kg2 e1=Q 56.Qf6+ Kh7
57.Qf7+ Kh8 58.Qf8+ Kh7  1/2-1/2